书目信息 |
| 题名: |
宁波市滨海湿地保护修复研究及实践
|
|
| 作者: | 费岳军 , 任敏 主编 | |
| 分册: | ||
| 出版信息: | 北京 海洋出版社 2019.11 |
|
| 页数: | 197页 | |
| 开本: | 29cm | |
| 丛书名: | ||
| 单 册: | ||
| 中图分类: | P942.553.78 | |
| 科图分类: | ||
| 主题词: | 海滨--hai bin--沼泽化地--自然资源保护--研究--宁波 , 海滨--hai bin--沼泽化地--生态恢复--研究--宁波 | |
| 电子资源: | ||
| ISBN: | 978-7-5210-0450-2 | |
| 000 | 01125nam0 2200265 450 | |
| 001 | 0100015839 | |
| 005 | 20200929160439.0 | |
| 010 | @a978-7-5210-0450-2@dCNY98.00 | |
| 100 | @a20200615d2019 em y0chiy50 ea | |
| 101 | 0 | @achi |
| 102 | @aCN@b110000 | |
| 105 | @aab a 000yy | |
| 106 | @ar | |
| 200 | 1 | @a宁波市滨海湿地保护修复研究及实践@Aning bo shi bin hai shi di bao hu xiu fu yan jiu ji shi jian@f费岳军, 任敏主编 |
| 210 | @a北京@c海洋出版社@d2019.11 | |
| 215 | @a197页@c彩图, 地图@d29cm | |
| 320 | @a有书目 (第195-197页) | |
| 330 | @a本书以宁波市滨海湿地保护与修复生态评价和应用实践为主线, 将全文分为滨海湿地保护修复技术研究进展综述、滨海湿地开发利用和保护现状、滨海湿地类型与分布、环境特征及生物资源、滨海湿地生态系统综合评价、滨海湿地保护和修复理论体系及工程技术研究五大部分, 最后进行总结与展望。 | |
| 606 | 0 | @a海滨@Ahai bin@x沼泽化地@x自然资源保护@x研究@y宁波 |
| 606 | 0 | @a海滨@Ahai bin@x沼泽化地@x生态恢复@x研究@y宁波 |
| 690 | @aP942.553.78@v5 | |
| 701 | 0 | @a费岳军@Afei yue jun@c(海洋学)@4主编 |
| 701 | 0 | @a任敏@Aren min@4主编 |
| 801 | 0 | @aCN@c20200615 |
| 905 | @a河南城建学院图书馆@dP942@f2@eB382 | |
| 宁波市滨海湿地保护修复研究及实践/费岳军, 任敏主编.-北京:海洋出版社,2019.11 |
| 197页:彩图, 地图;29cm |
| ISBN 978-7-5210-0450-2:CNY98.00 |
| 本书以宁波市滨海湿地保护与修复生态评价和应用实践为主线, 将全文分为滨海湿地保护修复技术研究进展综述、滨海湿地开发利用和保护现状、滨海湿地类型与分布、环境特征及生物资源、滨海湿地生态系统综合评价、滨海湿地保护和修复理论体系及工程技术研究五大部分, 最后进行总结与展望。 |
| ● |
| 相关链接 |
|
|
|
正题名:宁波市滨海湿地保护修复研究及实践
索取号:P942/B382
 
预约/预借
| 序号 | 登录号 | 条形码 | 馆藏地/架位号 | 状态 | 备注 |
| 1 | 1492479 | 214924796 | 自科库401/401自科库 135排2列5层/ [索取号:P942/B382] | 在馆 | |
| 2 | 1492480 | 214924803 | 期刊室512/401自科库 132排1列5层/ [索取号:P942/B382] | 在馆 |